Two new fungicides for the control of South American Leaf Blight (Microcyclus ulei) of rubber (Hevea) (Record no. 71620)

MARC details
000 -LEADER
fixed length control field 00570nam a2200205Ia 4500
100 ## - MAIN ENTRY--AUTHOR NAME
Personal name Menten J O M
245 #0 - TITLE STATEMENT
Title Two new fungicides for the control of South American Leaf Blight (Microcyclus ulei) of rubber (Hevea)
260 ## - PUBLICATION, DISTRIBUTION, ETC. (IMPRINT)
Name of publisher Summa Phytopathologica
Year of publication 1990
300 ## - PHYSICAL DESCRIPTION
Number of Pages P 275-8
500 ## - GENERAL NOTE
General note Source Year: 1991
650 ## - SUBJECT ADDED ENTRY--TOPICAL TERM
Topical Term Fungicide
650 ## - SUBJECT ADDED ENTRY--TOPICAL TERM
Topical Term Hevea brasiliensis
650 ## - SUBJECT ADDED ENTRY--TOPICAL TERM
Topical Term Mirocyclus ulei
700 ## - ADDED ENTRY--PERSONAL NAME
Personal name Cardoso M
700 ## - ADDED ENTRY--PERSONAL NAME
Personal name Godoy G
700 ## - ADDED ENTRY--PERSONAL NAME
Personal name Pereira W S P
856 ## - ELECTRONIC LOCATION AND ACCESS
Uniform Resource Identifier ATA
942 ## - ADDED ENTRY ELEMENTS (KOHA)
Koha item type Journals
Holdings
Withdrawn status Lost status Damaged status Not for loan Home library Current library Date acquired Serial Enumeration / chronology Koha item type
      Journals RRII Library RRII Library 17/12/2021 Volume 16, Issue 04-Mar Journals